Statistics for All 1M Cities Starting with “T” to Country

Click here to take the quiz!

General Stats

  • This quiz has been taken 149 times
  • The average score is 27 of 31

Answer Stats

CityCountry% Correct
Tel Aviv-JaffaIsrael
99%
TampaUnited States
99%
TengzhouChina
98%
TianjinChina
98%
TehranIran
98%
TaipeiTaiwan
98%
TorontoCanada
97%
TaizhouChina
97%
TbilisiGeorgia
96%
TijuanaMexico
96%
TaiyuanChina
95%
TokyoJapan
95%
TunisTunisia
95%
ToulouseFrance
94%
TripoliLibya
94%
The RuhrGermany
93%
TegucigalpaHonduras
93%
TurinItaly
93%
TashkentUzbekistan
93%
Tai'anChina
92%
TangshanChina
92%
TangierMorocco
89%
TaichungTaiwan
89%
TainanTaiwan
87%
TabrizIran
79%
TorreónMexico
79%
TiruppurIndia
77%
TolucaMexico
75%
TiruchirappalliIndia
70%
TeresinaBrazil
50%
ToubaSenegal
28%

Score Distribution

Percentile by Number Answered

Percent of People with Each Score

Your Score History

You have not taken this quiz